000 00509cam a2200205ua 4500
001 6998
008 141118n ii |||gr||||Z||||||eng
020 _a9789327215618
040 _cMAIN
041 _aeng
082 _a320
100 _aBhagwan, Vishnoo,
_eAuthor.
245 1 _aIndian government and politics
_cBy Vishnoo Bhagwan
250 _a4th rev.
260 _aNew Delhi:
_bKalyani,
_c2011.
300 _axvi,551p.
653 _aIndian politics
700 _aMohla, Vandana,
_eAuthor.
942 _cBK
999 _c6139
_d6139